Top 50 Most Streamed I Prevail Songs - Statistics

General Stats
  • This quiz has been taken 17 times
  • The average score is 21 of 50
Answer Stats
Hint Answer % Correct
95,284,647 Gasoline
93%
122,307,865 Hurricane
93%
94,195,402 Bow Down
86%
131,216,166 Blank Space
71%
21,887,568 Body Bag
71%
18,346,216 Deep End
71%
26,298,556 There's Fear in Letting Go
64%
35,476,063 Bad Things
57%
123,304,346 Scars
57%
18,829,817 DOA
50%
27,250,255 DOA (ft. Joyner Lucas)
50%
16,705,206 Heart Vs. Mind
50%
55,793,317 Lifelines
50%
54,407,147 Paranoid
50%
24,209,922 RISE
50%
53,436,993 Rise Above It
50%
2,286,413 0:00
43%
60,620,432 Alone
43%
65,680,455 Breaking Down
43%
6,782,351 Choke
43%
20,194,135 Deadweight
43%
52,975,771 Every Time You Leave
43%
8,230,821 FWYTYK
43%
39,080,286 My Heart I Surrender
43%
27,164,070 Self-Destruction
43%
11,453,562 Already Dead
36%
20,656,761 Chaos
36%
77,911,108 Come and Get It
36%
4,362,153 Doomed
36%
6,893,314 Fake
36%
13,858,632 I Don't Belong Here
36%
30,498,508 Let Me Be Sad
36%
15,583,668 Low
36%
63,356,798 Stuck In Your Head
36%
5,509,433 Visceral
36%
5,682,766 Closure
29%
56,741,058* Feel Something
29%
8,308,283 Goodbye (Interlude)
29%
5,007,733 Long Live The King
29%
11,555,184 One More Time
29%
11,536,079 Pull The Plug
29%
17,909,257 Crossroads
21%
12,676,293 Deceivers
21%
8,915,449 Face Your Demons
21%
5,646,391 Judgement Day
21%
23,300,155 Love, Lust & Liars
21%
11,100,660 Outcast
21%
12,407,060 The Enemy
21%
4,971,814 The Negative
21%
13,573,405 Worst Part Of Me
21%
No matching quizzes found
Score Distribution
Percent of People with Each Score
Percentile by Number Answered
Your Score History
You have not taken this quiz